Convenio sobre diversidad biológica (Registro nro. 1649)

Detalles MARC
000 -CABECERA
Campo de control 00516nam a2200145 a 4500
090 ## - CLASIFICACIÓN LOCAL
Colección IAvH
Consecutivo 00008
041 ## - IDIOMA
Código de idioma para texto/pista de sonido o título separado Español
110 ## - ASIENTO PRINCIPAL--NOMBRE CORPORATIVO
Unidad subordinad Instituto de Investigación de Recursos Biológicos Alexander von Humboldt
245 ## - MENCION DE TITULO
Título Convenio sobre diversidad biológica
Parte restante del título textos y anexos Ley 165 de 1994
260 ## - PUBLICACION, DISTRIBUCION, ETC. (PIE DE IMPRENTA)
Lugar de publicación, distribución, etc. Bogotá
Nombre del editor, distribuidor, etc. Instituto Alexander von Humboldt
Fecha de publicación, distribución, etc. 1996
300 ## - DESCRIPCION FISICA
Extensión 43 p.
650 ## - ASIENTO SECUNDARIO DE MATERIA - TERMINO TEMATICO
Término temático o nombre geográfico como elemento de entrada Convenio sobre diversidad biológica
710 ## - ASIENTO SECUNDARIO - NOMBRE CORPORATIVO
Nombre corporativo o de jurisdicción como elemento de entrada ^aColombia. Ministerio del Medio Ambiente
942 ## - ELEMENTOS ADICIONALES (KOHA)
Tipo de ítem
Existencias
Withdrawn status Lost status Sistema de Clasificación Damaged status No para préstamo Colección Ubicación Permanente Ubicación actual Fecha de adquisición Fuente de Valor Total Checkouts Número topográfico Inventario / Código de Barras Date last seen Ejemplar Price effective from Forma de adquisición Tipo de material Inventariado Valor
    Dewey Decimal Classification     Humboldt Bogotá Bogotá 02/04/1998 Instituto   IAvH-346.0469 H91c 008242 04/12/2012 Ej. 1 04/12/2012 Institucional Libro Inventariado 2017 30000.00
    Dewey Decimal Classification     Humboldt Bogotá Bogotá 02/04/1998 Instituto   IAvH-346.0469 H91c 008243 04/12/2012 Ej. 2 04/12/2012 Institucional Libro Inventariado 2017 30000.00
    Dewey Decimal Classification     Humboldt Bogotá Bogotá 02/04/1998 Instituto   IAvH-346.0469 H91c 016311 04/12/2012 Ej. 3 04/12/2012 Institucional Libro Inventariado 2017 30000.00
    Dewey Decimal Classification     Humboldt Sala Fabio Quevedo Sala Fabio Quevedo 18/07/2014 Instituto   IAvH-346.0469 H91c 003911 04/12/2012 Ej. 4 04/12/2012   Libro Inventariado 2017 30000.00
    Dewey Decimal Classification     Humboldt Sala Fabio Quevedo Sala Fabio Quevedo 18/07/2014 Instituto   IAvH-346.0469 H91c 004238 04/12/2012 Ej. 5 04/12/2012   Libro Inventariado 2017 30000.00
    Dewey Decimal Classification     Humboldt Sala Fabio Quevedo Sala Fabio Quevedo 18/07/2014 Instituto   IAvH-346.0469 H91c 004239 04/12/2012 Ej. 6 04/12/2012   Libro Inventariado 2017 30000.00
    Local     Referencia Villa de Leyva Villa de Leyva 02/04/1998 CID Humboldt   IAvH-00008 003910 04/12/2012 Ej. 1 04/12/2012   Libro